| 000 | 00828nam a22002177a 4500 | ||
|---|---|---|---|
| 005 | 20110929162810.0 | ||
| 010 | _aG-001640 | ||
| 020 |
_c99.00 _a9788183510363 |
||
| 035 | 1 | d | _aG-001640 |
| 037 | _bGift | ||
| 082 | _a808.042 | ||
| 100 |
_aVandana, N. Revathi _935088 |
||
| 245 | E |
_aSpark plugs to creativity / _cby N. Revathi Vandana (and) Sreedevi Atluri |
|
| 260 |
_aNew Delhi _bReem Publications _c2010 |
||
| 270 |
_a4787/23, Ansari Road, Darya Ganj _bNew Delhi _e110002 |
||
| 300 |
_a160p. _c24cm(pbk) |
||
| 700 |
_aAtluri, Sreedevi _935089 |
||
| 942 |
_2ddc _cEN _h808.042 _mVAN |
||
| 999 |
_c57184 _d57184 |
||